[Event "AUT2O-chT 1998/99"]
[Site "Wien-Favoriten"]
[Date "1999.02.13"]
[Round "8.1"]
[White "Lanc, Alois"]
[Black "Banas, Jan"]
[Result "1-0"]
[WhiteElo "2405"]
[BlackElo "2425"]
[PlyCount "59"]
[EventDate "1999.02.13"]

1. e4 c5 2. Nf3 e6 3. d4 cxd4 4. Nxd4 a6 5. Nc3 b5 6. Bd3 Qb6 7. Nb3 Qc7 8. f4
d6 9. O-O Nd7 10. a4 b4 11. Na2 Ngf6 12. Kh1 Bb7 13. Qe2 d5 14. e5 Ne4 15. Be3
g6 16. Nd4 Bc5 17. Nc1 Be7 18. Ncb3 Ndc5 19. a5 O-O 20. Rf3 Rfc8 21. Raf1 Nxb3
22. Nxb3 Nc5 23. Bxc5 Bxc5 24. Nxc5 Qxc5 25. Rg3 Bc6 26. f5 Bb5 27. fxe6 fxe6
28. Qg4 Qe7 29. Bxg6 Bxf1 30. Be8+ 1-0

[Event "AUT2O-chT 1998/99"]
[Site "Wien-Favoriten"]
[Date "1999.02.13"]
[Round "8.3"]
[White "Poecksteiner, Johann"]
[Black "Fusi, Christoph"]
[Result "1/2-1/2"]
[WhiteElo "2205"]
[BlackElo "2250"]
[PlyCount "116"]
[EventDate "1999.02.13"]

1. d4 d5 2. Nc3 Bf5 3. f3 Nf6 4. Bg5 h6 5. Bxf6 exf6 6. e4 dxe4 7. fxe4 Bg6 8.
Nf3 Bb4 9. Bd3 O-O 10. O-O Re8 11. Nd5 Ba5 12. b4 Bb6 13. Re1 c6 14. Nxb6 Qxb6
15. c3 Nd7 16. Nd2 Ne5 17. Be2 Rad8 18. a4 Nd7 19. a5 Qc7 20. Bf3 Qf4 21. g3
Qg5 22. Kg2 h5 23. h4 Qh6 24. Ra2 f5 25. e5 f4 26. a6 b6 27. Bxc6 fxg3 28. Qf3
Nxe5 29. dxe5 Rd3 30. Bxe8 Rxf3 31. Nxf3 Qf4 32. e6 Be4 33. exf7+ Kf8 34. Rxe4
Qxe4 35. Kxg3 Qg4+ 36. Kf2 Qc4 37. Re2 Qxc3 38. Ng5 Qd4+ 39. Kg2 Qg4+ 40. Kf1
Qf4+ 41. Rf2 Qc4+ 42. Kg1 Qg4+ 43. Rg2 Qd4+ 44. Kf1 Qd1+ 45. Kf2 Qd4+ 46. Kf3
Qd3+ 47. Kf4 Qd6+ 48. Ke3 Qe7+ 49. Kd3 Qd6+ 50. Kc2 Qg6+ 51. Kb2 Qf6+ 52. Ka2
Qf5 53. Bc6 Qd3 54. Rf2 Qc4+ 55. Ka3 Qc3+ 56. Ka2 Qc4+ 57. Ka3 Qc3+ 58. Ka2
Qc4+ 1/2-1/2

[Event "AUT2O-chT 1998/99"]
[Site "Wien-Favoriten"]
[Date "1999.02.13"]
[Round "8.4"]
[White "Zetthofer, Gerald"]
[Black "Steiner, Heinz"]
[Result "1-0"]
[WhiteElo "2210"]
[BlackElo "2160"]
[PlyCount "81"]
[EventDate "1999.02.13"]

1. Nf3 c5 2. c4 Nc6 3. Nc3 e5 4. d3 g6 5. g3 Bg7 6. Bg2 Nge7 7. Nd2 d6 8. O-O
O-O 9. a3 Be6 10. Rb1 a5 11. Nd5 Rb8 12. Nxe7+ Nxe7 13. b4 axb4 14. axb4 cxb4
15. Rxb4 Nc6 16. Rb1 d5 17. Ba3 Re8 18. cxd5 Bxd5 19. Ne4 Bf8 20. Bxf8 Kxf8 21.
Qc1 Kg7 22. Qc5 Nd4 23. Rb2 Re7 24. e3 Nf5 25. Rc1 Rd7 26. Qc3 Re7 27. Rb5 f6
28. Qb4 Bxe4 29. Bxe4 Nd6 30. Rd5 Rd7 31. Bg2 Ne8 32. Rcc5 Nc7 33. Rxd7+ Qxd7
34. Qb6 Na6 35. Rd5 Qa4 36. Qe6 Qd1+ 37. Bf1 Qf3 38. Rd7+ Kh6 39. Qf7 Kg5 40.
Qxh7 Qh5 41. h4+ 1-0

[Event "AUT2O-chT 1998/99"]
[Site "Wien-Favoriten"]
[Date "1999.02.13"]
[Round "8.5"]
[White "Steinwender, Peter"]
[Black "Waller, Helmut"]
[Result "0-1"]
[WhiteElo "2125"]
[BlackElo "2190"]
[PlyCount "114"]
[EventDate "1999.02.13"]

1. e4 c5 2. Nf3 d6 3. d4 cxd4 4. Nxd4 Nf6 5. Nc3 Bd7 6. Be2 Nc6 7. Be3 a6 8.
Nb3 e6 9. f4 Be7 10. O-O O-O 11. g4 Rc8 12. Bf3 Na5 13. Nxa5 Qxa5 14. g5 Ne8
15. Qe1 Bd8 16. Qf2 b5 17. a3 Rb8 18. Rfd1 Bb6 19. e5 d5 20. Bxb6 Qxb6 21. Qxb6
Rxb6 22. Ne2 Nc7 23. c3 Bc6 24. Nd4 g6 25. b4 Rc8 26. Rd3 Na8 27. Be2 Be8 28.
Kf2 Rb7 29. Nb3 Nb6 30. Nc5 Ra7 31. Rd2 Rca8 32. Rc1 a5 33. Ke3 axb4 34. axb4
Ra3 35. Kd4 R8a7 36. Rb2 Kg7 37. Nb3 h5 38. Na5 Rc7 39. Bf1 Na4 40. Rbc2 Kf8
41. Be2 Ke7 42. Bf1 Kd8 43. Be2 Kc8 44. Bf1 Kb8 45. Be2 Ka7 46. Bf1 Kb6 47. Be2
Ka7 48. Bf1 Nc5 49. Bg2 Rxa5 50. bxa5 Nb3+ 51. Kd3 Nxc1+ 52. Rxc1 Ka6 53. Rb1
Kxa5 54. Rb4 Kb6 55. Kc2 Ra7 56. Kb2 Kc5 57. Bf3 Ra4 0-1

[Event "AUT2O-chT 1998/99"]
[Site "Wien-Favoriten"]
[Date "1999.02.13"]
[Round "8.6"]
[White "Chulis, Alexander"]
[Black "Koller, Hubert"]
[Result "1/2-1/2"]
[WhiteElo "2125"]
[BlackElo "2160"]
[PlyCount "110"]
[EventDate "1999.02.13"]

1. e4 Nc6 2. Nc3 g6 3. Nf3 Bg7 4. d4 e5 5. Be3 exd4 6. Nxd4 Nge7 7. Bc4 Ne5 8.
Bb3 d6 9. h3 N7c6 10. f4 Nxd4 11. Bxd4 Qh4+ 12. Ke2 Qxf4 13. Rf1 Qg3 14. Bxf7+
Nxf7 15. Bxg7 Rg8 16. Qd4 Be6 17. Rf2 c5 18. Qf6 Bc4+ 19. Ke1 Qe3+ 20. Ne2 Kd7
21. b3 Be6 22. Rd1 Qxe4 23. Kf1 g5 24. Nc3 Qg6 25. Qxg6 hxg6 26. Bf6 g4 27. h4
Kc6 28. Rfd2 Rae8 29. Nd5 Bxd5 30. Rxd5 Re6 31. Bg5 Rf8 32. Kg1 Ne5 33. R5d2 b5
34. Kh2 Rf5 35. Kg3 Nf7 36. Bf4 d5 37. Kxg4 Re4 38. g3 Ne5+ 39. Kh3 Nf3 40. Rf2
Nd4 41. Kg2 a5 42. c3 Ne6 43. Bh6 Rxf2+ 44. Kxf2 d4 45. cxd4 cxd4 46. Kf3 Kd5
47. Rc1 d3 48. Be3 Nd4+ 49. Bxd4 Kxd4 50. Rc6 Re8 51. Rxg6 Rf8+ 52. Kg4 Ke5 53.
Rg5+ Ke6 54. Rg6+ Ke5 55. Rg5+ Ke6 1/2-1/2

[Event "AUT2O-chT 1998/99"]
[Site "Wien-Favoriten"]
[Date "1999.02.13"]
[Round "8.1"]
[White "Koutsin, Sergej"]
[Black "Vavrak, Peter"]
[Result "0-1"]
[WhiteElo "2415"]
[BlackElo "2200"]
[PlyCount "86"]
[EventDate "1999.02.13"]

1. c4 Nf6 2. d4 e6 3. Nf3 b6 4. a3 Ba6 5. Qc2 d5 6. cxd5 exd5 7. Nc3 Bd6 8. Bg5
Be7 9. g3 O-O 10. Bg2 h6 11. Bxf6 Bxf6 12. O-O Nc6 13. Rfd1 Ne7 14. e4 g6 15.
Nxd5 Nxd5 16. exd5 Bb7 17. Ne5 Bxd5 18. Bxd5 Qxd5 19. Qxc7 Rfc8 20. Ng4 Bg5 21.
Qe5 Qf3 22. h3 Rc2 23. Qe1 Rxb2 24. Ne5 Qf5 25. h4 Bf6 26. Nc4 Rb3 27. Ne3 Qf3
28. Nc4 Qf5 29. Rac1 Rd8 30. d5 Rxd5 31. Qe8+ Kg7 32. Nd6 Rxd1+ 33. Rxd1 Qe6
34. Qa4 Rb2 35. Qxa7 Bd4 36. Rxd4 Qe1+ 37. Kg2 Rxf2+ 38. Kh3 Qh1+ 39. Kg4 Qf3+
40. Kh3 Qh1+ 41. Kg4 h5+ 42. Kg5 Qc1+ 43. Rf4 Qc5+ 0-1

[Event "AUT2O-chT 1998/99"]
[Site "Wien-Favoriten"]
[Date "1999.02.13"]
[Round "8.2"]
[White "Hardt, Christian"]
[Black "Miniboeck, Guenter"]
[Result "1/2-1/2"]
[WhiteElo "2135"]
[BlackElo "2350"]
[PlyCount "67"]
[EventDate "1999.02.13"]

1. e4 c5 2. Nf3 d6 3. d4 cxd4 4. Nxd4 Nf6 5. Nc3 a6 6. Be2 e5 7. Nb3 Be7 8. O-O
O-O 9. Be3 Be6 10. Qd2 Nbd7 11. a4 Rc8 12. a5 Qc7 13. Rfc1 Nc5 14. Nxc5 dxc5
15. Bf3 c4 16. Bb6 Qc6 17. Nd5 Bxd5 18. exd5 Qd6 19. Re1 Nd7 20. Be3 f5 21. Bg5
Bxg5 22. Qxg5 e4 23. Be2 Qxd5 24. Rad1 Qe6 25. f3 e3 26. b3 cxb3 27. cxb3 h6
28. Qf4 Qe5 29. Bc4+ Kh8 30. Qxe3 Qxe3+ 31. Rxe3 Nb8 32. Re7 Nc6 33. Rxb7 Nxa5
34. Ra7 1/2-1/2

[Event "AUT2O-chT 1998/99"]
[Site "Wien-Favoriten"]
[Date "1999.02.13"]
[Round "8.3"]
[White "Sulyok, Michael"]
[Black "Wais, Michael"]
[Result "1-0"]
[WhiteElo "2270"]
[BlackElo "2085"]
[PlyCount "41"]
[EventDate "1999.02.13"]

1. c4 f5 2. g3 Nf6 3. Nf3 d6 4. d4 c6 5. Nc3 Be6 6. d5 cxd5 7. cxd5 Bf7 8. Ng5
Bg8 9. Bg2 h6 10. Ne6 Qd7 11. O-O Na6 12. e4 Bxe6 13. dxe6 Qxe6 14. exf5 Qd7
15. Be3 h5 16. Qb3 Qxf5 17. Qxb7 Rb8 18. Qxa6 h4 19. Qa4+ Kd8 20. Nd5 hxg3 21.
Qa5+ 1-0

[Event "AUT2O-chT 1998/99"]
[Site "Wien-Favoriten"]
[Date "1999.02.13"]
[Round "8.4"]
[White "Angerer, Michael"]
[Black "Eibersberger, Manfred"]
[Result "0-1"]
[WhiteElo "2085"]
[BlackElo "2165"]
[PlyCount "34"]
[EventDate "1999.02.13"]

1. e4 c5 2. Nc3 Nc6 3. f4 g6 4. Nf3 Bg7 5. Bc4 e6 6. O-O Nge7 7. f5 d5 8. exd5
exd5 9. Ng5 Bxf5 10. Nxd5 Nxd5 11. Nxf7 Kxf7 12. Rxf5+ gxf5 13. Qh5+ Ke6 14. d3
Ne5 15. Bg5 Bf6 16. Qh6 Qf8 17. Qh4 Bxg5 0-1

[Event "AUT2O-chT 1998/99"]
[Site "Wien-Favoriten"]
[Date "1999.02.13"]
[Round "8.5"]
[White "Perndl, Johann"]
[Black "Simon, Walter"]
[Result "1/2-1/2"]
[WhiteElo "2185"]
[BlackElo "2070"]
[PlyCount "143"]
[EventDate "1999.02.13"]

1. e4 e6 2. d4 d5 3. Nc3 Nf6 4. Bg5 dxe4 5. Nxe4 Be7 6. Bxf6 gxf6 7. Bd3 f5 8.
Ng3 c5 9. Nf3 Nc6 10. dxc5 Bxc5 11. Qe2 Be7 12. O-O Bd7 13. Rad1 Qc7 14. Bb5
O-O-O 15. Rd3 a6 16. Ba4 Rhg8 17. Rfd1 Bf6 18. c4 Nb8 19. Bxd7+ Nxd7 20. b4 Ne5
21. Nxe5 Qxe5 22. Qxe5 Bxe5 23. Kf1 Rxd3 24. Rxd3 Rg4 25. Re3 Bg7 26. Nh5 Bh6
27. Rc3 Bd2 28. Rc2 Bxb4 29. g3 Be7 30. Nf4 Bd6 31. f3 Rg8 32. Nd3 Rd8 33. Ke2
Bc7 34. Nc5 Bb6 35. Nd3 Bd4 36. h3 Rg8 37. g4 fxg4 38. fxg4 h5 39. Kf3 hxg4+
40. hxg4 Rh8 41. Ke4 Bg7 42. Rf2 Rd8 43. Ne5 f6 44. Nd3 f5+ 45. gxf5 exf5+ 46.
Rxf5 Rd4+ 47. Ke3 Rxc4 48. Rc5+ Rxc5 49. Nxc5 b6 50. Nb3 Kd7 51. a4 Kc6 52. Kd3
Bf6 53. Kc4 Bb2 54. Nd4+ Bxd4 55. Kxd4 Kd6 56. Kc4 Ke5 57. Kc3 Kd5 58. Kd3 Ke5
59. Ke3 Kf5 60. Kd4 Ke6 61. Ke4 Kd6 62. Kd4 Kd7 63. Kd3 Kd6 64. Kd4 b5 65. axb5
axb5 66. Kc3 Kc5 67. Kb3 b4 68. Kb2 Kc4 69. Kc2 Kd4 70. Kb3 Kc5 71. Kb2 Kc4 72.
Kc2 1/2-1/2

[Event "AUT2O-chT 1998/99"]
[Site "Wien-Favoriten"]
[Date "1999.02.13"]
[Round "8.1"]
[White "Schweda, Roland"]
[Black "Polak, Thomas"]
[Result "1/2-1/2"]
[WhiteElo "2370"]
[BlackElo "2525"]
[PlyCount "84"]
[EventDate "1999.02.13"]

1. d4 Nf6 2. c4 e6 3. Nc3 Bb4 4. e3 c5 5. Bd3 Nc6 6. Nge2 cxd4 7. exd4 d5 8. a3
dxc4 9. Bxc4 Bd6 10. Bg5 O-O 11. Rc1 b6 12. Ne4 Be7 13. Bb5 Nxe4 14. Bxc6 Bxg5
15. Bxa8 Bd2+ 16. Kf1 Bxc1 17. Bxe4 Bxb2 18. Bxh7+ Kxh7 19. Qc2+ Kg8 20. Qxb2
Ba6 21. f3 Qh4 22. g3 Qh3+ 23. Kf2 Rc8 24. Nf4 Qh7 25. Rc1 Qxh2+ 26. Ng2 Rxc1
27. Qxc1 Qh5 28. Nf4 Qb5 29. g4 e5 30. dxe5 Qxe5 31. Qd2 g6 32. Kg2 Kg7 33. Kf2
Bc4 34. Ng2 b5 35. Nf4 a5 36. Ng2 a4 37. Ne3 Be6 38. Qb4 Bd7 39. f4 Qa1 40. Qd6
Qb2+ 41. Kf3 Be8 42. Nd5 Qb3+ 1/2-1/2

[Event "AUT2O-chT 1998/99"]
[Site "Wien-Favoriten"]
[Date "1999.02.13"]
[Round "8.2"]
[White "Groetz, Harald"]
[Black "Stranz, Richard"]
[Result "1/2-1/2"]
[WhiteElo "2225"]
[BlackElo "2255"]
[PlyCount "93"]
[EventDate "1999.02.13"]

1. e4 e6 2. d4 d5 3. Nd2 dxe4 4. Nxe4 Nd7 5. Nf3 Ngf6 6. Bg5 Be7 7. Bxf6 Nxf6
8. Bd3 O-O 9. O-O b6 10. Neg5 h6 11. Nh3 Bb7 12. c3 c5 13. dxc5 Bxc5 14. Qe2
Qc7 15. Ne5 Rad8 16. Rae1 Bd6 17. f4 Bd5 18. c4 Ba8 19. a3 a5 20. Bb1 Bc5+ 21.
Kh1 Rd4 22. Nf3 Rd7 23. Ne5 Rd4 24. Nf3 Bxf3 25. Rxf3 Rfd8 26. Rd3 Kf8 27. Red1
Rxd3 28. Rxd3 Rxd3 29. Qxd3 Ke7 30. Bc2 Qd6 31. Qxd6+ Kxd6 32. g3 Ng4 33. Bd1
Ne3 34. Be2 a4 35. Nf2 Bd4 36. Nd1 Nxd1 37. Bxd1 Bxb2 38. Bxa4 Bxa3 39. Kg2 Kc5
40. Bb5 Kd4 41. Kf3 f6 42. g4 e5 43. fxe5 fxe5 44. h4 Bc5 45. Ke2 g5 46. hxg5
hxg5 47. Ba6 1/2-1/2

[Event "AUT2O-chT 1998/99"]
[Site "Wien-Favoriten"]
[Date "1999.02.13"]
[Round "8.3"]
[White "Krpelan, Wolfgang"]
[Black "Voegel, Wolfgang"]
[Result "1/2-1/2"]
[WhiteElo "2190"]
[BlackElo "2230"]
[PlyCount "40"]
[EventDate "1999.02.13"]

1. e4 c6 2. Nc3 d5 3. Nf3 g6 4. h3 Bg7 5. d4 Nf6 6. e5 Ne4 7. Bd3 Bf5 8. Bxe4
dxe4 9. g4 Bxg4 10. hxg4 exf3 11. Be3 Qb6 12. Qd3 Na6 13. O-O-O Nb4 14. Qe4 Qa5
15. a3 Nd5 16. Nxd5 Qxd5 17. Qxd5 cxd5 18. Bh6 O-O 19. Bxg7 Kxg7 20. Rd3 f6
1/2-1/2

[Event "AUT2O-chT 1998/99"]
[Site "Wien-Favoriten"]
[Date "1999.02.13"]
[Round "8.6"]
[White "Pernerstorfer, Johannes"]
[Black "Herbst, Daniel"]
[Result "1/2-1/2"]
[WhiteElo "2115"]
[BlackElo "2135"]
[PlyCount "158"]
[EventDate "1999.02.13"]

1. d4 Nf6 2. c4 g6 3. Nc3 Bg7 4. e4 d6 5. Nf3 O-O 6. Be2 e5 7. dxe5 dxe5 8.
Qxd8 Rxd8 9. Bg5 c6 10. O-O Bg4 11. Rfd1 Na6 12. h3 Bxf3 13. Bxf3 Nc5 14. Be3
Bf8 15. g3 Rd7 16. Rxd7 Ncxd7 17. Rd1 Bc5 18. Bg5 Kg7 19. Ne2 Nf8 20. Rd3 h6
21. Bd2 Bb6 22. b4 Rd8 23. Rxd8 Bxd8 24. Bc3 Bc7 25. Nc1 Ne6 26. Bg2 Nd7 27.
Nd3 f6 28. h4 Kf7 29. f3 Nb6 30. Nb2 a5 31. bxa5 Nd7 32. Kf2 Ndc5 33. Ke3 Bb8
34. Kd2 Ba7 35. Kc2 Nd7 36. Nd3 Nd4+ 37. Bxd4 Bxd4 38. Bh3 Ke7 39. Bxd7 Kxd7
40. g4 h5 41. gxh5 gxh5 42. f4 Kd6 43. f5 Bg1 44. Kc3 Bh2 45. c5+ Kd7 46. Ne1
Bg3 47. Nf3 Bf2 48. Kc4 Bg3 49. Kb4 Bf2 50. a6 bxa6 51. Ka5 Bxc5 52. Kxa6 Kc7
53. Ka5 Bf2 54. Kb4 Kb6 55. a4 c5+ 56. Kc4 Ka5 57. Kb3 Be3 58. Ne1 Bd4 59. Nd3
Bg1 60. Kc4 Bh2 61. Nxc5 Bg3 62. Ne6 Kxa4 63. Ng7 Bxh4 64. Nxh5 Ka5 65. Ng7 Kb6
66. Kd5 Kb5 67. Ne8 Kb6 68. Ke6 Kc5 69. Nxf6 Kd4 70. Nd7 Kxe4 71. Nxe5 Bg5 72.
Nc4 Kf4 73. Nd6 Bh4 74. Ne8 Bg5 75. Ng7 Bh4 76. Nh5+ Ke4 77. Nf6+ Kf4 78. Nd5+
Ke4 79. Nc3+ Kd3 1/2-1/2

[Event "AUT2O-chT 1998/99"]
[Site "Wien-Favoriten"]
[Date "1999.02.13"]
[Round "8.3"]
[White "Hangweyrer, Manfred"]
[Black "Kuthan, Andreas"]
[Result "1-0"]
[WhiteElo "2370"]
[BlackElo "2190"]
[PlyCount "33"]
[EventDate "1999.02.13"]

1. g3 g6 2. Bg2 Bg7 3. c4 c6 4. Nc3 Nf6 5. Nf3 O-O 6. O-O d6 7. d4 Nbd7 8. h3
e5 9. Be3 Re8 10. Rc1 exd4 11. Bxd4 Qa5 12. Qd2 Ne5 13. b3 Nxf3+ 14. exf3 Be6
15. Rfd1 Rad8 16. Bxf6 Bxf6 17. Nd5 1-0

[Event "AUT2O-chT 1998/99"]
[Site "Wien-Favoriten"]
[Date "1999.02.13"]
[Round "8.4"]
[White "Petzer, Reinhard"]
[Black "Vokroj, Rene"]
[Result "0-1"]
[WhiteElo "2135"]
[BlackElo "2285"]
[PlyCount "92"]
[EventDate "1999.02.13"]

1. Nf3 Nf6 2. g3 c5 3. c4 Nc6 4. Nc3 g6 5. Bg2 Bg7 6. O-O O-O 7. d4 cxd4 8.
Nxd4 d6 9. b3 Nxd4 10. Qxd4 Ne4 11. Qxe4 Bxc3 12. Bg5 Re8 13. Rad1 Qa5 14. Qe3
Bb4 15. Bd5 Rb8 16. Rd4 Bc5 17. Qf3 e6 18. b4 Qxb4 19. Rh4 f5 20. Qf4 exd5 21.
Bf6 Qb6 22. Rxh7 Kxh7 23. Qh4+ Kg8 24. Qh6 Kf7 25. Qg7+ Ke6 26. Qxg6 Re7 27.
cxd5+ Kd7 28. h4 Qd8 29. Qxf5+ Kc7 30. Qg5 Bh3 31. Bxe7 Qd7 32. Rc1 Re8 33. Bf6
Rxe2 34. Bd4 b6 35. Qf4 Kb7 36. Bxc5 dxc5 37. d6 Qc6 38. Qf7+ Ka6 39. f3 Rg2+
40. Kh1 Rxg3 41. Rc3 Qd7 42. Qc4+ Kb7 43. Qf4 Qg7 44. Rc1 Bd7 45. Rc2 Rh3+ 46.
Rh2 Qa1+ 0-1

[Event "AUT2O-chT 1998/99"]
[Site "Wien-Favoriten"]
[Date "1999.02.13"]
[Round "8.1"]
[White "Palkoevi, Jozsef"]
[Black "Posch, Werner"]
[Result "0-1"]
[WhiteElo "2435"]
[BlackElo "2295"]
[PlyCount "76"]
[EventDate "1999.02.13"]

1. e4 Nf6 2. e5 Nd5 3. d4 d6 4. Nf3 dxe5 5. Nxe5 Nd7 6. Nf3 e6 7. g3 Be7 8. Bg2
b5 9. a4 b4 10. O-O Ba6 11. Re1 O-O 12. Ne5 Nxe5 13. dxe5 Rb8 14. Nd2 c5 15.
Ne4 Qc7 16. Bd2 Rfd8 17. Qg4 Qxe5 18. Ng5 Nf6 19. Qh3 Qxb2 20. Nxf7 Rf8 21. Bf4
Rbe8 22. Ng5 Bc8 23. Be5 Qxc2 24. Be4 Qxf2+ 25. Kxf2 Nxe4+ 26. Kg1 Nxg5 27. Qg4
Bb7 28. Re3 Bf3 29. Qh4 Bd5 30. Qh5 Nf3+ 31. Rxf3 Bxf3 32. Qh3 Bd5 33. Qg4 g6
34. h4 Rf5 35. Re1 Ref8 36. Bf4 c4 37. Bh6 Bc5+ 38. Kh2 38... Rf2+ {1-0, da Pos
ch bereits viermal in der Staatsliga A zum Einsatz kam und daher nicht mehr
spielberechtigt war!} 0-1

[Event "AUT2O-chT 1998/99"]
[Site "Wien-Favoriten"]
[Date "1999.02.13"]
[Round "8.4"]
[White "Hechl, Gerald"]
[Black "Gugler, Edgar"]
[Result "1-0"]
[WhiteElo "2190"]
[BlackElo "2220"]
[PlyCount "160"]
[EventDate "1999.02.13"]

1. d4 d5 2. c4 c6 3. Nf3 Nf6 4. Nc3 g6 5. cxd5 cxd5 6. Bf4 Bg7 7. Bxb8 Rxb8 8.
Qa4+ Bd7 9. Qxa7 O-O 10. Qa3 b5 11. Qb4 Re8 12. e3 Bf8 13. Be2 e6 14. Qb3 b4
15. Nb1 Qa5 16. O-O Rec8 17. Qd1 Ba4 18. b3 Bb5 19. Ne5 Rc7 20. Bxb5 Qxb5 21.
Nd2 Rbc8 22. g4 Nd7 23. Ndf3 f6 24. Qd3 Qb7 25. Nxd7 Rxd7 26. Rfc1 Rdc7 27. Qd2
g5 28. Ne1 Qa6 29. Rxc7 Rxc7 30. Nd3 Rc3 31. Rd1 Qc8 32. Ne1 Bd6 33. h3 Kg7 34.
Kg2 Qc6 35. Kf1 Qb5+ 36. Qe2 Qc6 37. Rd2 Be7 38. Rc2 Qc7 39. Kg2 Qc6 40. Kg1
Kf7 41. Qd2 Rxc2 42. Qxc2 Qxc2 43. Nxc2 Kg6 44. Kf1 h5 45. Ke2 hxg4 46. hxg4 f5
47. f3 Kf7 48. Kd2 Ke8 49. Kc1 Kd7 50. Kb2 Kc6 51. a3 bxa3+ 52. Nxa3 Bb4 53.
Nb1 Be1 54. Nc3 Bf2 55. Nd1 Be1 56. Kc2 Bb4 57. Nf2 Bd6 58. Nd3 Bh2 59. Kc3 Kd6
60. b4 Bg1 61. Kd2 Bh2 62. Nf2 Bg3 63. Nd3 Kc6 64. Kc3 Bh2 65. Nc5 Kd6 66. Kd3
Bg3 67. Kd2 Bh2 68. b5 fxg4 69. fxg4 e5 70. Nd3 exd4 71. exd4 Kc7 72. Nb4 Kb6
73. Nxd5+ Kxb5 74. Kd3 Kc6 75. Ke4 Kd6 76. Ne3 Ke6 77. d5+ Kf6 78. Nc4 Bg3 79.
Nb6 Bd6 80. Kd4 Bc7 1-0

[Event "AUT2O-chT 1998/99"]
[Site "Wien-Favoriten"]
[Date "1999.02.13"]
[Round "8.5"]
[White "Bachmayer, Josef"]
[Black "Weiss, Karl"]
[Result "1-0"]
[WhiteElo "2160"]
[BlackElo "2185"]
[PlyCount "57"]
[EventDate "1999.02.13"]

1. d4 Nf6 2. Nc3 d5 3. Bg5 Nbd7 4. Nf3 e6 5. e4 dxe4 6. Nxe4 Be7 7. Nxf6+ Nxf6
8. Bd3 O-O 9. Qe2 c5 10. O-O-O cxd4 11. h4 Bd7 12. g4 Bc6 13. Rh3 Qa5 14. Kb1
Bd5 15. Bc4 Bxc4 16. Qxc4 Rac8 17. Qe2 Rc6 18. Nxd4 Ra6 19. a3 Rd6 20. Rhd3
Rfd8 21. Bf4 R6d7 22. Be5 Nxg4 23. Bxg7 Kxg7 24. Qxg4+ Kh8 25. Rg1 Bf6 26. Rdg3
h6 27. Qf4 Bg5 28. hxg5 Rxd4 29. Qf6+ 1-0

[Event "AUT2O-chT 1998/99"]
[Site "Wien-Favoriten"]
[Date "1999.02.13"]
[Round "8.1"]
[White "Pingitzer, Harald"]
[Black "Vlcek, Stanislav"]
[Result "1-0"]
[WhiteElo "2300"]
[BlackElo "2185"]
[PlyCount "65"]
[EventDate "1999.02.13"]

1. d4 Nf6 2. Nf3 g6 3. g3 Bg7 4. Bg2 O-O 5. O-O d6 6. b3 Nbd7 7. Bb2 Re8 8. c4
e5 9. dxe5 Ng4 10. Qd2 Ngxe5 11. Nd4 Nc5 12. Nc3 Bd7 13. Rad1 Rb8 14. h3 a6 15.
Nd5 Ne6 16. f4 Nxd4 17. Bxd4 Nc6 18. Bxg7 Kxg7 19. Qc3+ f6 20. g4 Be6 21. g5
Bxd5 22. cxd5 Na7 23. gxf6+ Kf7 24. e4 Nb5 25. Qe3 Qxf6 26. e5 b6 27. a4 Na7
28. Qc3 Qe7 29. e6+ Kg8 30. f5 gxf5 31. Rd3 h6 32. Rg3+ Kh7 33. Be4 1-0

[Event "AUT2O-chT 1998/99"]
[Site "Wien-Favoriten"]
[Date "1999.02.13"]
[Round "8.2"]
[White "Bachofner, Andreas"]
[Black "Kummer, Helmut"]
[Result "1/2-1/2"]
[WhiteElo "2165"]
[BlackElo "2315"]
[PlyCount "49"]
[EventDate "1999.02.13"]

1. e4 e5 2. Nf3 Nc6 3. Nc3 Nf6 4. d4 exd4 5. Nxd4 Bb4 6. Nxc6 bxc6 7. Bd3 d5 8.
exd5 cxd5 9. O-O O-O 10. Bg5 c6 11. Qf3 Be7 12. h3 Rb8 13. Qg3 Rxb2 14. Rae1
Be6 15. f4 Ne4 16. Nxe4 dxe4 17. Rxe4 Bf6 18. Bxf6 Qxf6 19. f5 Bxa2 20. Rg4 Rb7
21. Rff4 Kh8 22. Kh2 c5 23. Ra4 Bd5 24. Ra6 Rb6 25. Rxa7 1/2-1/2

[Event "AUT2O-chT 1998/99"]
[Site "Wien-Favoriten"]
[Date "1999.02.13"]
[Round "8.3"]
[White "Sandhu, Mario"]
[Black "Bachofner, Christian"]
[Result "1-0"]
[WhiteElo "2190"]
[BlackElo "2050"]
[PlyCount "87"]
[EventDate "1999.02.13"]

1. b3 e5 2. Bb2 Nc6 3. c4 g6 4. e3 Bg7 5. Nc3 d6 6. g3 Nge7 7. Bg2 O-O 8. Nge2
f5 9. O-O g5 10. f4 gxf4 11. exf4 Be6 12. a3 a5 13. Nd5 Ng6 14. b4 axb4 15.
axb4 Rb8 16. b5 Nce7 17. Ne3 c6 18. Ra3 Qb6 19. Qa4 Rbd8 20. Bc3 Qc7 21. bxc6
Nxc6 22. Nd5 Qf7 23. Rb3 e4 24. Bxg7 Kxg7 25. Qa1+ Kg8 26. Rb5 Ra8 27. Qb2 Na5
28. Qb4 Nc6 29. Qb3 Nd8 30. Nd4 Bd7 31. Rb6 Bc6 32. Ne3 Ne7 33. Bh3 Qg7 34.
Ndxf5 Nxf5 35. Nxf5 Qf6 36. c5+ d5 37. Qb4 Ra4 38. Qxa4 Bxa4 39. Rxf6 Rxf6 40.
Ne7+ Kg7 41. Nxd5 Rc6 42. Rc1 Bb3 43. Nb4 Rc7 44. Bf5 1-0

[Event "AUT2O-chT 1998/99"]
[Site "Wien-Favoriten"]
[Date "1999.02.13"]
[Round "8.4"]
[White "Steinert, Martin"]
[Black "Holzer, Gerhard"]
[Result "0-1"]
[WhiteElo "2145"]
[BlackElo "2255"]
[PlyCount "58"]
[EventDate "1999.02.13"]

1. d4 d6 2. Nf3 g6 3. g3 Bg7 4. Bg2 Nf6 5. O-O O-O 6. c4 Nc6 7. Nc3 Bg4 8. h3
Bd7 9. d5 Nb8 10. Ne1 a5 11. Nd3 Na6 12. e4 Qc8 13. Kh2 e5 14. dxe6 Bxe6 15.
Nd5 Nxd5 16. cxd5 Bd7 17. Bd2 Bb5 18. Qb3 Bxd3 19. Qxd3 Bxb2 20. Rab1 Nc5 21.
Qb5 Bg7 22. f4 b6 23. e5 dxe5 24. d6 Rb8 25. fxe5 Bxe5 26. Bh6 Rd8 27. Bd5 Ne6
28. Rbe1 cxd6 29. Rf2 Qc5 0-1

[Event "AUT2O-chT 1998/99"]
[Site "Wien-Favoriten"]
[Date "1999.02.13"]
[Round "8.6"]
[White "Hofbauer, Peter"]
[Black "Kuba, Guenter"]
[Result "0-1"]
[WhiteElo "2100"]
[BlackElo "2235"]
[PlyCount "64"]
[EventDate "1999.02.13"]

1. e4 e5 2. Nf3 Nc6 3. Bc4 Bc5 4. O-O Nf6 5. Re1 d6 6. d3 Be6 7. Bg5 h6 8. Be3
Qe7 9. Bb5 Bxe3 10. Rxe3 O-O 11. d4 Bg4 12. Bxc6 bxc6 13. dxe5 dxe5 14. Nc3
Rab8 15. Rb1 Rb4 16. Qe1 Rd8 17. a3 Rbd4 18. Rd1 Bxf3 19. Rxf3 Rxd1 20. Nxd1
Nxe4 21. Re3 Nf6 22. Rc3 Rd6 23. b4 Qd7 24. Nb2 e4 25. h3 Nd5 26. Rg3 f5 27.
Qc1 f4 28. Rg4 Nc3 29. Kh2 Rd2 30. Nc4 Rd1 31. Qxf4 Ne2 32. Qxe4 Rh1+ 0-1

[Event "AUT2O-chT 1998/99"]
[Site "Wien-Favoriten"]
[Date "1999.02.14"]
[Round "9.1"]
[White "Vlcek, Stanislav"]
[Black "Lanc, Alois"]
[Result "0-1"]
[WhiteElo "2185"]
[BlackElo "2405"]
[PlyCount "78"]
[EventDate "1999.02.13"]

1. e4 c5 2. Nf3 Nc6 3. d4 cxd4 4. Nxd4 Nf6 5. Nc3 d6 6. Bg5 e6 7. Qd2 h6 8.
Bxf6 gxf6 9. O-O-O a6 10. f4 Bd7 11. Be2 Qb6 12. Nb3 h5 13. Kb1 O-O-O 14. h4
Kb8 15. Bf3 Rc8 16. Qe2 Na7 17. Bxh5 Rxc3 18. bxc3 a5 19. Ka1 a4 20. Rb1 axb3
21. Rxb3 Qc7 22. Bf3 Ba4 23. Ra3 Bb5 24. Qd2 Qc5 25. Rb3 Bc6 26. Rhb1 Nb5 27.
Be2 Na3 28. Re1 Nc4 29. Qd3 Na5 30. Rb2 f5 31. e5 d5 32. h5 Kc7 33. g4 fxg4 34.
Bxg4 Rg8 35. Bh3 Nc4 36. Rbb1 Be7 37. Rb3 Ra8 38. Reb1 Rxa2+ 39. Kxa2 Qa5+ 0-1

[Event "AUT2O-chT 1998/99"]
[Site "Wien-Favoriten"]
[Date "1999.02.14"]
[Round "9.3"]
[White "Bachofner, Christian"]
[Black "Poecksteiner, Johann"]
[Result "1/2-1/2"]
[WhiteElo "2050"]
[BlackElo "2205"]
[PlyCount "26"]
[EventDate "1999.02.13"]

1. e4 c5 2. Nf3 Nc6 3. d4 cxd4 4. Nxd4 Nf6 5. Nc3 d6 6. Bg5 Bd7 7. Qd2 a6 8.
O-O-O Nxd4 9. Qxd4 Qa5 10. Bxf6 gxf6 11. Kb1 Rc8 12. f4 Qc5 13. Qxc5 Rxc5
1/2-1/2